000 00379nam a2200157Ia 4500
005 20250430033049.0
008 240331s9999 xx 000 0 und d
020 _a9558309085
082 _bSEN
_a891
100 _aSenevirathne,M
245 0 _aKunatuwa nonawathee hamayi
260 _aWellawatte
_bWimal enterprises
_c2003
300 _a147 p .,
650 _aStory
942 _cL
999 _c4904
_d4904